| 000 | 00355nam a22001457a 4500 | ||
|---|---|---|---|
| 008 | 210526b ||||| |||| 00| 0 eng d | ||
| 020 | _a2900073271391 | ||
| 041 | _aeng | ||
| 080 |
_213th _a34 |
||
| 082 | _a34 | ||
| 100 | _a16 | ||
| 101 | _aJUR | ||
| 245 |
_aBusiness Law The Ethical, Global and E-commerce Environment _cMallor,,J.P |
||
| 942 |
_2udc _cBK |
||
| 999 |
_c57642 _d57642 |
||